Desculpa! (Registo nº 975)

Detalhes MARC
000 -Etiqueta do registo
Cabeçalho 00680nam0a2200289 i 4500
005 - Identificador da versão
Campo de controlo 20240813121820.0
010 ## - Número internacional normalizado dos livros (ISBN)
Número (ISBN) 9789727930913
021 ## - Número do Depósito Legal
Código do país PT
035 ## - Other System Control Numbers
System Control Number 0001040
System Control Number 0001023
100 ## - Dados gerais de processamento
Dados gerais de processamento 20091204d c y0pory5003 ba
102 ## - Pais de publicação ou produção
País de publicação Portugal
101 1# - Língua de publicação
Língua do texto, banda sonora, etc. Português
Língua do documento no original Inglês
106 ## - Campo de dados codificados: material textual
Dados codificados do material textual r
105 ## - Campo de dados codificados: livros
Dados codificados dos livros a z 001yy
215 ## - Descrição física 
Outras indicações físicas il.
200 1# - Titulo e menção de responsabilidade
Título próprio Desculpa!
Primeira menção de responsabilidade Norbert Landa
Outras menções de responsabilidade il. Tim Warnes
205 ## - Menção da edição
Menção da edição 1ª ed.
210 ## - Publicação, Distribuição, etc. 
Lugar da edição, distribuição, etc. Estoril
Nome do editor, distribuidor, etc. Minutos de Leitura
Data da publicação, distribuição, etc. 2009
304 ## - Notas relativas a título e menção de responsabilidade 
Texto da nota Tít. orig.: Sorry!
675 ## - Classificação Decimal Universal (CDU)
Notação 82-93
Edição BN
Língua da edição por
700 #1 - Nome de autor-pessoa física (responsabilidade principal)
Número de registo de entrada de autoridade 0001303
Palavra de ordem Landa
Outra parte do nome não tomada para palavra de ordem Norbert
942 ## - Elementos de entrada adicionados (Koha)
Tipo de item no Koha Livro
Exemplares
Situação do levantamento Origin of item (home branch) (coded) Biblioteca de empréstimo Código de barras Cota Circulation type (not for loan) Tipo de documento Nota do exemplar Damaged status
  Biblioteca Escolar Eng. Nuno Mergulhão Biblioteca Escolar Eng. Nuno Mergulhão BENM1726 8EST LAN   Livro Sem mensagem